000 00421nam a2200181Ia 4500
003 OSt
005 20260326150355.0
008 250729s2009 xx 000 0 und d
040 _cAL
041 _akan
082 _a370.15 ASHM
100 _aDr.B.Ashok
_9230583
245 _aManovijnana
260 _aMangalore
_bSchool of Social Work
_c2009
300 _a146p
650 _aPsychology
_9230584
942 _2ddc
_cBED
999 _c238854
_d238854